Countries by Alternate Names - Statistics

General Stats
  • This quiz has been taken 51 times
  • The average score is 14 of 16
Answer Stats
Alternate Name Answer % Correct
Cote d'Ivoire Ivory Coast
100%
Holland Netherlands
100%
America The US
100%
Great Britain United Kingdom
100%
Burma Myanmar
98%
Republic of China Taiwan
92%
Czech Republic Czechia
90%
CAR Central African Republic
88%
East Timor Timor-Leste
88%
eSwatini Swaziland
85%
Holy See Vatican City
81%
Éire Ireland
79%
Congo Brazzaville Republic of the Congo
79%
DPRK North Korea
77%
FYROM Macedonia
75%
Cape Verde Cabo Verde
69%
No matching quizzes found
Score Distribution
Percent of People with Each Score
Percentile by Number Answered
Your Score History
You have not taken this quiz